03586nam a2200529Ia 45000010005000000080041000050100009000460410014000550820026000692450153000952600018002483000007002665200007002736300018002806300024002986500020003226900014003427000030003567000050003867000040004369010099004769020006005759030038005819040015006199050027006349060006006619070014006679080014006819090051006959100015007469110010007619120014007719130009007859140024007949150019008189160009008379170009008469180014008559190018008695202110008879210007029979220007030049230006030119240014030179420010030319990015030412934241029s9999 xx 000 0 und d a2753 aEspañol aST MA-TE 0011 FH 2007 0aDiagnóstico del cuarto nivel en la Facultad de Ciencias de la Salud de la Universidad Autónoma de Santo Domingo I y II, semestre del año 2005. aSanto Domingo a80 a21 aDiagnóstico aEducación y Salud aInvestigación aElaborado easesoraArias, Rafael E.  eautora Pérez Fernández, Virgilio Alberto eautoraPeña López, Omar José  a{"1":" Pérez Fernández","2":"Peña López"}b{"1":"Virgilio Alberto","2":"Omar José "} a1 a{"1":"Arias"}b{"1":"Rafael E. "} aMaestro en aTecnología Educativa a2 aNO APLICA aNO APLICA aUniversidad Autónoma de Santo Domingo (UASD) aNULLbNULL a["1"] aNO APLICA aNULL a05 de Marzo de 2007 a30/11/19 11:11 aNULL aNULL aNO APLICA a["217","315"] aLa Universidad Autónoma de Santo Domingo, a través de la Facultad de Ciencias de la Salud, es la pionera y líder en la capacitación de profesionales de la salud a Nivel de Grado y Post-grado en nuestro país. Por tal razón, este estudio se planteó como objetivo general, determinar el estado actual del cuarto nivel en la Facultad de Ciencias de la Salud de la UASD.El tipo de estudio de esta investigación fue diagnóstico-exploratorio, desarrollado en dos (2) partes: una retrospectiva y otra prospectiva. La parte retrospectiva consistió en la revisión bibliográfica de documentos, investigaciones, folletos, reglamentos y toda publicación respecto al cuarto nivel de la Facultad. La parte prospectiva consistió en la aplicación de una encuesta dirigida a estudiantes, profesores y un análisis FODA a los funcionarios de dicha facultad. Se trabajó con una muestra de ciento cuarenta y siete (147) estudiantes, treinta (30) profesores y nueve (9) funcionarios.Los análisis realizados indican que la Facultad de Ciencias de la Salud, cuenta con una oferta pertinente y variada de estudios de Post-grado. El marco legal de los estudios de Post-grado está debidamente establecido. Sin embargo, esta Facultad no cuenta con una infraestructura destinada exclusivamente para el desarrollo de postgrado y el nivel de capacitación del personal docente es adecuado.El estudio recomienda, gestionar recursos económicos tanto a nivel nacional como internacional para realizar investigaciones científicas, apoyar actividades académicas y de pasantías. Crear programas de investigaciones con líneas bien definidas y acordes con las necesidades identificadas en la sociedad dominicana. Además, el estudio propone que cada Escuela de la Facultad de Ciencias de la Salud trabaje en coordinación con la Oficina de Post-grado de la facultad e incentivar la producción de materiales científicos. Habilitar espacios físicos adecuados para realizar las actividades del Post-grado y desarrollar programas de doctorado son otras de las recomendaciones de este estudio. a16 a16 a0 aNO APLICA cTesis c2753d2753